| 000 | 01644nam a2200277Ia 4500 | ||
|---|---|---|---|
| 999 |
_c47817 _d47817 |
||
| 001 | 14691 | ||
| 003 | GE_BSU | ||
| 005 | 20241119114848.0 | ||
| 008 | 181216s2015||||ge |||||||||||||| ||geo|| | ||
| 020 | _a9789941427398 | ||
| 040 | _cGE_BSU | ||
| 041 | _ageo | ||
| 080 | _a811.352.3 დ–55 | ||
| 100 |
_aდიუმეზილი, ჟორჟ _919972 |
||
| 245 |
_aშესავალი ჩრდილო-კავკასიურ ენათა შედარებით გრამატიკაში / _cჟ. დიუმეზილი ; მთარგმნელი რუსუდან ჯანაშია ; რედაქტორი მერაბ ჩუხუა ; სსიპ ჩერქეზული (ადიღური) კულტურის ცენტრი. |
||
| 264 |
_aთბილისი : _bსაარი, _c2015. |
||
| 300 |
_a186 გვ. ; _c20 სმ. |
||
| 500 | _aთავფურცლის მე-5 გვ. ფრანგულ ენაზე | ||
| 500 | _a | ||
| 504 | _aბიბლიოგრაფია ტექსტის შენიშვნებში | ||
| 653 | _aშესავალი ჩრდილო-კავკასიურ ენათა შედარებით გრამატიკაში | ||
| 700 |
_aჯანაშია, რ. (რუსუდან) _eმთარგმნელი _923733 |
||
| 700 |
_aჩუხუა, მ. (მერაბ) _eრედაქტორი _923734 |
||
| 710 |
_aჩერქეზული (ადიღური) კულტურის ცენტრი _918346 |
||
| 942 |
_cBK _2udc |
||